| 000 | nam a22 7a 4500 | ||
|---|---|---|---|
| 999 |
_c30519 _d30519 |
||
| 008 | 190716b xxu||||| |||| 00| 0 eng d | ||
| 040 | _amksu | ||
| 110 | _aSociety of Tropical Medicine and Hygiene. | ||
| 245 |
_aTransactions of the Society of Tropical Medicine and Hygiene. _c Society of Tropical Medicine and Hygiene. |
||
| 260 |
_aLondon,UK : _bOxford university press, _c2018. |
||
| 300 |
_avols.: _bill. (col.) ; _c28cm. |
||
| 440 |
_n10 _vVol 112 _x00359203 |
||
| 504 | _ainclude bibliographic references. | ||
| 650 |
_aTropical medicine _vPeriodicals. |
||
| 650 | _aTropical medicine. | ||
| 942 |
_2lcc _cPERIODICAL |
||